[Event "Panevezys op-B"]
[Site "Panevezys"]
[Date "2017.07.04"]
[Round "3"]
[White "Petersons, Ojars"]
[Black "Shchedrova, Tatiana"]
[Result "1/2-1/2"]
[WhiteElo "1699"]
[BlackElo "1583"]
[PlyCount "83"]
[EventDate "2017.07.03"]
[EventType "swiss"]
[EventRounds "9"]
[EventCountry "LTU"]
[SourceTitle "EXT 2018"]
[Source "ChessBase"]
[SourceDate "2017.10.13"]
[SourceVersion "1"]
[SourceVersionDate "2017.10.13"]
[SourceQuality "1"]

1. e4 c6 2. c4 d5 3. cxd5 cxd5 4. exd5 Nf6 5. Nc3 Nxd5 6. d4 Bf5 7. a3 e6 8. Nf3 Be7 9. Bb5+ Nc6 10. Ne5 Rc8 11. Nxc6 bxc6 12. Bd3 Bg6 13. 0-0 0-0 14. Bxg6 hxg6 15. Ne4 Qb6 16. b4 Rfd8 17. Be3 a5 18. bxa5 Qxa5 19. Qf3 Rb8 20. Bd2 Qa4 21. Be3 Rb3 22. h3 Rxa3 23. Rxa3 Qxa3 24. Qe2 Nxe3 25. fxe3 c5 26. Nxc5 Bxc5 27. dxc5 Qxc5 28. Qf3 Qf5 29. Qb7 Qe5 30. Qxf7+ Kh7 31. Qf4 Qxf4 32. exf4 Kg8 33. Re1 Kf7 34. Re2 Kf6 35. h4 Rd5 36. Kf2 e5 37. fxe5+ Rxe5 38. Rxe5 Kxe5 39. Kf3 g5 40. h5 Kf5 41. g4+ Ke5 42. Ke3 1/2-1/2

[Event "Panevezys op-B"]
[Site "Panevezys"]
[Date "2017.07.03"]
[Round "1"]
[White "Aleksandravicius, Darius"]
[Black "Shchedrova, Tatiana"]
[Result "0-1"]
[WhiteElo "1750"]
[BlackElo "1583"]
[PlyCount "83"]
[EventDate "2017.07.03"]
[EventType "swiss"]
[EventRounds "9"]
[EventCountry "LTU"]
[SourceTitle "EXT 2018"]
[Source "ChessBase"]
[SourceDate "2017.10.13"]
[SourceVersion "1"]
[SourceVersionDate "2017.10.13"]
[SourceQuality "1"]

1. Nf3 d5 2. g3 Nf6 3. Bg2 Bf5 4. d3 e6 5. 0-0 Be7 6. Nbd2 0-0 7. c4 c6 8. b3 h6 9. Bb2 Nbd7 10. cxd5 exd5 11. Rc1 Re8 12. a3 Bd6 13. b4 Ne5 14. Nd4 Bd7 15. N2b3 Rc8 16. Nc5 b6 17. Nxd7 Qxd7 18. Nf3 c5 19. Bxe5 Bxe5 20. Nxe5 Rxe5 21. bxc5 bxc5 22. e3 Re7 23. Rb1 Qd8 24. Qa4 Rb8 25. Rfc1 Rxb1 26. Rxb1 Qc8 27. Qb5 Rc7 28. h3 Kh7 29. Rc1 Kg8 30. e4 dxe4 31. dxe4 c4 32. Rc3 Nd7 33. Qf5 Rc5 34. Qf4 Nb6 35. Bf1 Na4 36. Rc2 c3 37. Kh2 Nb6 38. h4 Ra5 39. Bh3 Qc6 40. Qb8+ Kh7 41. Qf4 Qc4 42. Qf5+ 0-1

[Event "Liptovsky Mikulas V4 U15 op"]
[Site "Liptovsky Mikulas"]
[Date "2017.06.23"]
[Round "5"]
[White "Shchedrova, Tatiana"]
[Black "Turcan, Richard"]
[Result "0-1"]
[WhiteElo "1655"]
[BlackElo "2106"]
[PlyCount "52"]
[EventDate "2017.06.21"]
[EventType "swiss"]
[EventRounds "9"]
[EventCountry "SVK"]
[SourceTitle "CBM 179 Extra"]
[Source "ChessBase"]
[SourceDate "2017.08.23"]
[SourceVersion "1"]
[SourceVersionDate "2017.08.23"]
[SourceQuality "1"]

1. e4 c5 2. d4 cxd4 3. c3 d3 4. Bxd3 Nc6 5. Nf3 d6 6. Bc4 e6 7. 0-0 Nf6 8. Qe2 Qc7 9. Re1 Be7 10. Bf4 0-0 11. Na3 e5 12. Bg5 Nh5 13. Bxe7 Qxe7 14. Nc2 Nf4 15. Qe3 Be6 16. Bb3 f5 17. Nd2 Bxb3 18. axb3 fxe4 19. Nxe4 d5 20. Ng3 Rae8 21. Ne2 Nxe2+ 22. Rxe2 Qd7 23. Qd2 Rd8 24. Rd1 Qc7 25. Ne1 Qb6 26. Qc2 e4 0-1

[Event "Liptovsky Mikulas V4 U15 op"]
[Site "Liptovsky Mikulas"]
[Date "2017.06.23"]
[Round "6"]
[White "Vorobieva, Varvara"]
[Black "Shchedrova, Tatiana"]
[Result "1/2-1/2"]
[WhiteElo "1530"]
[BlackElo "1655"]
[PlyCount "81"]
[EventDate "2017.06.21"]
[EventType "swiss"]
[EventRounds "9"]
[EventCountry "SVK"]
[SourceTitle "CBM 179 Extra"]
[Source "ChessBase"]
[SourceDate "2017.08.23"]
[SourceVersion "1"]
[SourceVersionDate "2017.08.23"]
[SourceQuality "1"]

1. e4 c6 2. d4 d5 3. exd5 cxd5 4. Bd3 Nc6 5. c3 Qc7 6. Ne2 Bg4 7. 0-0 Nf6 8. Qe1 Bh5 9. f3 Bg6 10. Nf4 Bxd3 11. Nxd3 e6 12. Ne5 Nxe5 13. dxe5 Nd7 14. f4 Bc5+ 15. Kh1 0-0 16. Nd2 f6 17. exf6 Rxf6 18. Nf3 Re8 19. Qd1 Bd6 20. g3 Bc5 21. Qd3 h6 22. Be3 a6 23. Bd4 Rf7 24. Rae1 Bxd4 25. cxd4 Nf6 26. Rc1 Qd6 27. Kg2 Rc7 28. Nd2 Rec8 29. Nb3 Ne4 30. Rxc7 Rxc7 31. Rc1 Rxc1 32. Nxc1 Qb4 33. Nb3 Qe1 34. Qf1 Qxf1+ 35. Kxf1 b6 36. Ke2 Kf7 37. Kf3 Ke7 38. Ke2 a5 39. Kd3 Nf2+ 40. Ke2 Ne4 41. Kd3 1/2-1/2

[Event "Liptovsky Mikulas V4 U15 op"]
[Site "Liptovsky Mikulas"]
[Date "2017.06.22"]
[Round "4"]
[White "Bobro, Jan"]
[Black "Shchedrova, Tatiana"]
[Result "0-1"]
[WhiteElo "1563"]
[BlackElo "1655"]
[PlyCount "64"]
[EventDate "2017.06.21"]
[EventType "swiss"]
[EventRounds "9"]
[EventCountry "SVK"]
[SourceTitle "CBM 179 Extra"]
[Source "ChessBase"]
[SourceDate "2017.08.23"]
[SourceVersion "1"]
[SourceVersionDate "2017.08.23"]
[SourceQuality "1"]

1. Nf3 d5 2. d4 Nf6 3. Bf4 Bf5 4. e3 e6 5. Nbd2 c5 6. Bxb8 Rxb8 7. Bb5+ Ke7 8. Nb3 a6 9. Be2 c4 10. Nbd2 Ke8 11. 0-0 Bd6 12. Nh4 Bg6 13. c3 Ne4 14. h3 Qxh4 15. Nxe4 Bxe4 16. Qa4+ Ke7 17. b3 Rhc8 18. bxc4 dxc4 19. Qa5 Kf8 20. Rfd1 Qe7 21. f3 Bg6 22. e4 Qc7 23. Qxc7 Rxc7 24. Rab1 b5 25. a4 b4 26. cxb4 Rxb4 27. Rxb4 Bxb4 28. Rc1 c3 29. Bxa6 f5 30. exf5 Bxf5 31. Kf2 c2 32. Ke2 Ba3 0-1

[Event "Liptovsky Mikulas V4 U15 op"]
[Site "Liptovsky Mikulas"]
[Date "2017.06.22"]
[Round "2"]
[White "Kuna, Patrik"]
[Black "Shchedrova, Tatiana"]
[Result "0-1"]
[WhiteElo "1492"]
[BlackElo "1655"]
[PlyCount "94"]
[EventDate "2017.06.21"]
[EventType "swiss"]
[EventRounds "9"]
[EventCountry "SVK"]
[SourceTitle "CBM 179 Extra"]
[Source "ChessBase"]
[SourceDate "2017.08.23"]
[SourceVersion "1"]
[SourceVersionDate "2017.08.23"]
[SourceQuality "1"]

1. e4 c6 2. d4 d5 3. Nc3 dxe4 4. Nxe4 Nd7 5. Bg5 Ngf6 6. Nxf6+ Nxf6 7. Nf3 Bg4 8. c3 e6 9. Bc4 Be7 10. 0-0 0-0 11. Re1 Re8 12. Qd3 Bf5 13. Qe3 Nd5 14. Bxd5 Bxg5 15. Nxg5 exd5 16. Qf4 Bg6 17. Re3 Qd7 18. Rae1 Rxe3 19. Qxe3 f6 20. Nf3 Re8 21. Qd2 Rxe1+ 22. Qxe1 Qe8 23. Qxe8+ Bxe8 24. Nh4 Bd7 25. Kf1 Kf7 26. Ke2 g5 27. Nf3 Bg4 28. Ke3 Bxf3 29. Kxf3 h5 30. g4 h4 31. Ke3 Ke6 32. f4 Kd6 33. f5 b6 34. Kd3 c5 35. h3 Kc6 36. b3 cxd4 37. Kxd4 Kd6 38. c4 dxc4 39. bxc4 Kc6 40. a3 a6 41. a4 Kd6 42. Kd3 Kc5 43. Kc3 a5 44. Kd3 Kb4 45. Kd4 Kxa4 46. Kd5 Kb3 47. Ke6 a4 0-1

[Event "Liptovsky Mikulas V4 U15 op"]
[Site "Liptovsky Mikulas"]
[Date "2017.06.22"]
[Round "3"]
[White "Shchedrova, Tatiana"]
[Black "Lisiecka, Aleksandra"]
[Result "1-0"]
[WhiteElo "1655"]
[BlackElo "1478"]
[PlyCount "79"]
[EventDate "2017.06.21"]
[EventType "swiss"]
[EventRounds "9"]
[EventCountry "SVK"]
[SourceTitle "CBM 179 Extra"]
[Source "ChessBase"]
[SourceDate "2017.08.23"]
[SourceVersion "1"]
[SourceVersionDate "2017.08.23"]
[SourceQuality "1"]

1. e4 d5 2. exd5 Nf6 3. d4 Nxd5 4. Nf3 Bf5 5. Be2 e6 6. 0-0 Bd6 7. a3 Nd7 8. c4 Nf4 9. Nc3 b6 10. Nb5 Nxe2+ 11. Qxe2 Be7 12. Bf4 0-0 13. Bxc7 Qc8 14. Bg3 Re8 15. Nc7 Qb7 16. Nxa8 Qxa8 17. Ne5 Nf6 18. f3 h6 19. b4 Qc8 20. c5 Qb7 21. c6 Qc8 22. b5 Rd8 23. Rfd1 Nd5 24. Re1 Bd6 25. Nc4 Bxg3 26. hxg3 Nc3 27. Qb2 Nd5 28. a4 Qc7 29. Kf2 Kf8 30. Ne3 Bg6 31. Nxd5 Rxd5 32. Re5 Rd8 33. Rd1 f6 34. Rxe6 Bf7 35. Re3 Bd5 36. Qb4+ Kf7 37. Rde1 Kg6 38. Qb1+ f5 39. g4 Rf8 40. gxf5+ 1-0

[Event "Liptovsky Mikulas V4 U15 op"]
[Site "Liptovsky Mikulas"]
[Date "2016.06.25"]
[Round "8"]
[White "Lisiecka, Aleksandra"]
[Black "Shchedrova, Tatiana"]
[Result "0-1"]
[WhiteElo "1558"]
[BlackElo "1521"]
[PlyCount "44"]
[EventDate "2016.06.22"]
[EventType "swiss"]
[EventRounds "9"]
[EventCountry "SVK"]
[SourceTitle "CBM 173 Extra"]
[Source "ChessBase"]
[SourceDate "2016.08.29"]
[SourceVersion "1"]
[SourceVersionDate "2016.08.29"]
[SourceQuality "1"]

1. e4 e5 2. Nf3 Nc6 3. d4 exd4 4. Nxd4 Nf6 5. Nc3 Bb4 6. Nxc6 bxc6 7. Bd2 0-0 8. Bd3 Re8 9. 0-0 Bxc3 10. Bxc3 Nxe4 11. Bd4 d5 12. Re1 Ng5 13. Qh5 h6 14. Re2 Rxe2 15. Qxe2 a5 16. Re1 Ne6 17. g3 Ba6 18. Be5 Bxd3 19. Qxd3 f6 20. Bxc7 Nxc7 21. Rd1 Qe7 22. Kf1 Qb4 0-1